000
00299nam a2200097Ia 4500
008
210107s9999 xx 000 0 und d
100
_a
Kanter, R. M. and Kao,John
245
0
_a
Innovation: Breakthrough ideas at 3M, Dupont,GE,Pfizer, and Rubbermaid
260
_a
New York
_b
Harper business
942
_c
BK
999
_c
11470
_d
11470